Indole e fonti delle obbligazioni e dei contratti / (Record no. 163486)

MARC details
000 -LEADER
campo de control de longitud fija 00810nam a22002055i 4500
001 - NÚMERO DE CONTROL
campo de control 163486
003 - IDENTIFICADOR DE NÚMERO DE CONTROL
campo de control ES-MaACL
005 - FECHA Y HORA DE LA ÚLTIMA TRANSACCIÓN
campo de control 20250808084752.0
008 - DATOS DE LONGITUD FIJA--INFORMACIÓN GENERAL
campo de control de longitud fija 991112s1892 it |||| | ita d
040 ## - FUENTE DE CATALOGACIÓN
Centro catalogador/agencia de origen M-RAJU
Lengua de catalogación spa
Centro/agencia transcriptor M-RAJU
Centro/agencia modificador CCPB | B
100 1# - ENTRADA PRINCIPAL--NOMBRE DE PERSONA
Nombre de persona Ricci, Francesco.
9 (RLIN) 131790
245 10 - MENCIÓN DEL TÍTULO
Título Indole e fonti delle obbligazioni e dei contratti /
Mención de responsabilidad, etc. per Francesco Ricci.
260 ## - PUBLICACIÓN, DISTRIBUCIÓN, ETC.
Lugar de publicación, distribución, etc. Torino :
Nombre del editor, distribuidor, etc. Unione Tipográfico Editrice,
Fecha de publicación, distribución, etc. 1892.
300 ## - DESCRIPCIÓN FÍSICA
Extensión 651 p. ;
Dimensiones 25 cm.
650 #4 - PUNTO DE ACCESO ADICIONAL DE MATERIA--TÉRMINO DE MATERIA
Término de materia o nombre geográfico como elemento de entrada Contratos-
Subdivisión geográfica Italia.
9 (RLIN) 223849
650 #7 - PUNTO DE ACCESO ADICIONAL DE MATERIA--TÉRMINO DE MATERIA
Término de materia o nombre geográfico como elemento de entrada Derecho civil-
Subdivisión geográfica Italia
Fuente del encabezamiento o término
9 (RLIN) 151730
752 ## - ENTRADA AGREGADA--NOMBRE JERÁRQUICO DEL LUGAR
País o entidad superior Italia -
Ciudad Turin
852 ## - LOCALIZACIÓN
Ubicación ES-MaACL
Número de control de estantería G-5186
Nota libre -- Rust.
Encuadernación -- Edic.: Precede al tit.: "Trattati speciali di diritto civile con riferenze al Codice di commercio e alla più reccente Giurisprudenza
Holdings
Estatus retirado Estado de pérdida Estado de daño No para préstamo Colección Biblioteca de origen Biblioteca actual Ubicación en estantería Fecha de adquisición Fuente de adquisición Total de préstamos Signatura topográfica completa Código de barras Visto por última vez Precio de reemplazo Tipo de ítem Koha
        Libros del s. XIX Biblioteca del Ateneo de Madrid Biblioteca del Ateneo de Madrid Depósito 2 17/01/2008     G-5186 1171317 23/02/2023 23/02/2023 Libro impreso antiguo